| 000 | 01238nam a2200301 c 4500 | ||
|---|---|---|---|
| 003 | BLK | ||
| 005 | 20180422115625.0 | ||
| 008 | 180411b bul|||||r ||||||| ||bul|| | ||
| 010 | _aKNG00197993000 | ||
| 040 | _aBLK | ||
| 041 |
_aBUL _cBUL |
||
| 080 |
_a?Швейцарска литература _b830(494) _x-31 _z830(494)-31 |
||
| 100 | 1 |
_aШесекс, Жак _eпърви автор _9143280 |
|
| 700 | 1 |
_aТименова-Вълчева, Златка Николова _eпрев. от фр. _9128835 |
|
| 700 | 1 |
_aДимитрова, Иванка К. _eс предг. от _9384678 |
|
| 139 |
_aШесекс, Жак _bШ 58 |
||
| 245 | 1 | 0 |
_aЧовекоядецът _bРоман _cЖак Шесекс; прев. от фр. Златка Николова Тименова-Вълчева; с предг. от Иванка К. Димитрова. |
| 257 | _aFRA | ||
| 260 |
_аПловдив _bХристо Г. Данов _c1981 |
||
| 300 |
_a231 с. _bс ил. _c17 см |
||
| 380 | _aX | ||
| 500 | _aОриг. загл. L'ogle. - 45 300 тир. | ||
| 852 | _aЦб I 19196 | ||
| 856 | 4 |
_qpdf _u |
|
| 856 | 4 |
_qpdf _u |
|
| 942 |
_cKNG _n0 |
||
| 944 |
_aCR _c13.12.2016 _kРадостина_Карадакова |
||
| 944 |
_aED _c13.12.2016 _kРадостина_Карадакова |
||
| 999 |
_c188971 _d188971 |
||